Most Premier League fouls 18/19 Quiz Stats

 Plays Quiz not verified by Sporcle

Score 0/28 Timer 06:00
0 Plays Today
Team (Position) Player % Correct
Brighton (FW)Glenn Murray
89.9%
Fulham (FW)Aleksandar Mitrovic
86.2%
Manchester United (CM)Paul Pogba
84.6%
Manchester United (LB)Luke Shaw
82.7%
Arsenal (FW)Alexandre Lacazette
81.8%
Watford (FW)Troy Deeney
79.5%
Crystal Palace (FW)Wilfried Zaha
74.5%
Bournemouth (FW)Joshua King
74.2%
Burnley (FW)Ashley Barnes
73.7%
Arsenal (CB)Shkodran Mustafi
71.9%
Wolves (FW)Diogo Jota
71.8%
Wolves (CM)Joao Moutinho
70.1%
Everton (DM)Idrissa Gueye
69.5%
Arsenal (DM)Granit Xhaka
68.3%
Team (Position) Player % Correct
Leicester City (DM)Wilfred Ndidi
66.6%
Wolves (FW)Raul Jimenez
64.6%
Newcastle United (RM)Matt Ritchie
62.1%
Newcastle United (AM)Ayoze Perez
60.3%
Crystal Palace (DM)Luka Milivojevic
57%
Crystal Palace (CM)James McArthur
52.6%
Watford (DM)Etienne Capoue
52.5%
Everton (CM)Andre Gomes
48.1%
Southampton (DM)Oriol Romeu
45.2%
Watford (AM)Will Hughes
42%
Bournemouth (CM)Jefferson Lerma
40.1%
Southampton (CM)Pierre-Emile Hojbjerg
36%
Brighton (CM)Dale Stephens
27.2%
Huddersfield Town (CM)Jonathan Hogg
25.8%

You're not logged in!

Compare scores with friends on all Sporcle quizzes.
OR
Log In

Show Comments

Extras

Top Quizzes Today


Score Distribution

Your Account Isn't Verified!

In order to create a playlist on Sporcle, you need to verify the email address you used during registration. Go to your Sporcle Settings to finish the process.

Report this User

Report this user for behavior that violates our Community Guidelines.

Details: